Riconosci lo Stato - Quiz n°174 - Statistics

Statistiche generali
  • Questo quiz è stato fatto 25 volte
  • Il punteggio medio è 13 su 13
Statistiche sulle risposte
Indizio Risposta % Corretto
Superficie 26 7710 km²
100%
Popolazione 5 149 000 ab.
100%
Re Carlo III Governatrice generale: Cindy Kiro
100%
Forma di Governo Monarchia parlamentare (Reame del Commonwealth)
100%
Fuso Orario UTC+12 UTC+13
100%
ISU 0,937
96%
PIL (nominale) 169 831milioni di $
96%
Tasso di crescita 2,2%
96%
Primo ministro Christopher Luxon
96%
Indipendenza dal Regno Unito il 26 settembre 1907
96%
Valuta Dollaro
96%
Iniziale della Capitale W
96%
Risposta Nuova Zelanda
91%
Nessun quiz corrispondente trovato
Distribuzione punteggi
Percentuale di utenti per punteggio
Percentile per numero di risposta
I tuoi punteggi nel tempo
Non hai fatto questo quiz